Logo BPK

Biblioteka

Politechniki Koszalińskiej

Psichologija truda i inżenernaja psichologija / (Rekord nr 19199)

Szczegóły MARC
000 -ETYKIETA REKORDU
podpole kontrolne o stałej długości 00449nam a2200169 i 4500
001 - NUMER KONTROLNY REKORDU
pole kontrolne bg
040 ## - ŹRÓDŁO KATALOGOWANIA
Instytucja, która utworzyła rekord BPK
041 ## - KOD JĘZYKA
Kod języka tekstu pol
080 ## - UNIWERSALNA KLASYFIKACJA DZIESIĘTNA - UKD
UKD 159.9
008 - POLE O STAŁEJ DŁUGOŚCI - DANE KONTROLNE
podpole kontrolne o stałej długości s pl f |000 0 pol
100 1# - NAZWA OSOBOWA
Nazwa osobowa DMITRIEVA, Majja A.
245 #0 - TYTUŁ/ODPOWIEDZIALNOŚĆ
Tytuł Psichologija truda i inżenernaja psichologija /
Pozostałe elementy strefy tytułu i oznaczenia odpowiedzialności M. Dmitrieva, A. Krylow, A. Naftulew.
260 ## - STREFA ADRESU WYDAWNICZEGO
Miejsce wydania Leningrad,
Data publikacji, dystrybucji/powstania dokumentu 1979.
700 1# - HASŁO DODATKOWE - NAZWA OSOBOWA
Nazwa osobowa KRYLOV, Albert A.
700 1# - HASŁO DODATKOWE - NAZWA OSOBOWA
Nazwa osobowa NAFTULEV, Arkadij I.
856 ## - LOKALIZACJA I DOSTĘP DO ELEKTRONICZNYCH DOKUMENTÓW ZDALNYCH
Link (URL) http://koha.tu.koszalin.pl/cgi-bin/koha/opac-detail.pl?biblionumber=19199
Tekst linku Katalog online BPK
942 ## - DODATKOWE ELEMENTY (KOHA)
Typ dokumentu Książka
Egzemplarze
Wycofany Status egzemplarza Uszkodzony Dostępność Lokalizacja stała Lokalizacja bieżąca Miejsce przechowywania Sygnatura Kod kreskowy Typ dokumentu
      Dostępny Biblioteka Politechniki Koszalińskiej Biblioteka Politechniki Koszalińskiej Wypożyczalnia BG 26973 01653564 Książka
© 2023 Biblioteka Politechniki Koszalińskiej :: KOHA